000 02064cam a22004694i 4500
003 PE-LiUPU
005 20250731172940.0
008 150623s r 000 0 d
020 _a038501029X
035 _a(Sirsi) i9780385010290
040 _aPE-LiUPU
_bspa
_cPE-LiUPU
_erda
049 _aPRUA
082 0 4 _a220.7
_bAB1975
_221
100 1 _aBoling, Robert G.,
_eautor.
245 1 0 _aJudges.
_n6A /
_cRobert G. Boling.
264 1 _aNew York :
_bDoubleday,
_c1975.
300 _a338 páginas :
_bilustraciones mapas ;
_c24 centímetros
336 _atext
_2rdacontent
337 _aunmediated
_2rdamedia
338 _avolume
_2rdacarrier
490 0 _aThe Anchor Bible ;
_v6A
504 _aBibliografía al final de cada capítulo.
505 0 _aThe indecisive settlement. -A generationgap. -The pattern of the period. - Israel: A disciplined society. - Othniel: The idea of the office. - Eglon versus Ehud, the benjaminite. - Shamgar. - Deborah and Baraq. - The Evil. - The menace. - The Enlistment of Gideon. - The opposition. - The patience of god. - Small force: Great victory. - Beyond deliverance. - Blood Vengeance. - The house. - Abimelech. -Two minor judges. - What's past is prologue. -The ammonite threat. - Samson: The message of his death. - A local Shirine. - The danite migration. - The gibeah outrage. - The Shiloh festival.
526 _aSEG42
526 _aSEG41
526 _aSEG40
526 _aSEG39
526 _aP94
526 _aP87
526 _aP86
526 _aP85
526 _aP77
526 _aP76
526 _aP35
630 _aBiblia.
_pA.T.
_pJueces
_xComentarios.
942 _2ddc
_cBOOK
949 _a220.7 AB 6A 1975
_wDEWEY
_c1
_i44544
_lCCODEBUL1
_mBUL
_r0
_sY
_tBOOK
_u2015-6-24
_xTEOLOGIA
_PP35
_0COMPRA
_o.STAFF. Colección General
994 _aC0
_bPEPRU
596 _a1
999 _a220.7 AB 6A 1975
_wDEWEY
_c21428
_i44544
_d21428
_f2021-11-9
_g5
_lCCODEBUL1
_mBUL
_q2
_r0
_sY
_tBOOK
_u2015-6-24
_xTEOLOGIA
_PP35
_0COMPRA
_o.STAFF. Colección General
980 _81
_gALBERTO SANCHEZ Responsable de Automatización